000 00871nam a2200217Ia 4500
005 20241129111320.0
008 241129s9999||||xx |||||||||||||| ||und||
020 _a978-93-91297-41-1
037 _aTB
040 _aCRL
_bhin
_cCRL
041 _ahin
_2hin
084 _aV2j50 152R3
_qCRL
100 _aद्विवेदी, एस. के., संपा.
245 0 _aनिगमश्री प्राच्यविद्या के विविध आयाम: प्रो. लक्ष्मी शंकर निगम अभिनंदन ग्रंथ
_cद्विवेदी, एस. के., संपा.
260 _aवाराणसी, भारत
_bी प्रकाशन
_c2023
300 _a296पृ0
365 _aINR
_b4000
650 _a History
942 _cTB
_hV2j50 152R3
999 _c1229884
_d1229884